| 000 | 00760nam a2200253 a 4500 | ||
|---|---|---|---|
| 001 | 000030426 | ||
| 003 | DO-SdBNP | ||
| 005 | 20260321073642.0 | ||
| 007 | ta | ||
| 008 | 090331s19822000dr 000 0 spa d | ||
| 020 | _a1993410098 | ||
| 040 |
_aDO-SdBNP _bspa _cBNPHU |
||
| 082 | 4 |
_a972.9304 _bB742g, 2000 _222 |
|
| 100 | 1 |
_a Bosch, Juan, _d1909-2001 _976555 |
|
| 245 | 1 | 3 |
_aLa guerra de la restauración. / _cJuan Bosch. |
| 250 | _a7a. ed. | ||
| 260 |
_aSanto Domingo : _bAlfa y omega, _c2000. |
||
| 300 |
_a261 p. ; _c22 cm. |
||
| 590 | _aInventariado, 2022/BT | ||
| 651 | 4 |
_aRepública Dominicana _xHistoria _9170 |
|
| 651 | 4 |
_aRepública Dominicana _xRestauración, _y1863-1865 _92166 |
|
| 910 | _aValidado, Control de calidad EMS | ||
| 942 |
_2ddc _cLBS1 |
||
| 999 |
_c29918 _d29918 |
||